Т. 8: История Петра I. Записки бригадира Моро-де-Бразе; Собрание сочинений; "История Петра I"

Dades bibliogràfiques
Parent link:Собрание сочинений: в 10 т./ А. С. Пушкин; оформление худож. Б. Лаврова. Т. 8: История Петра I. Записки бригадира Моро-де-Бразе.— , 1982
Sumari:Авт. указан на корешке
На пер. загл. не указано.
Idioma:rus
Publicat: 1982
TOC:И. Л. Фейнберг, "История Петра I";
Matèries:
Format: Llibre
KOHA link:https://koha.lib.tpu.ru/cgi-bin/koha/opac-detail.pl?biblionumber=250246

MARC

LEADER 00000nam2a2200000 4500
001 250246
005 20231031213109.0
035 |a (RuTPU)RU\TPU\book\272424 
035 |a RU\TPU\book\272375 
090 |a 250246 
100 |a 20140212d1982 m y0rusy50 ca 
101 0 |a rus 
102 |a RU 
105 |a y z 001zy 
200 0 |a Т. 8: История Петра I. Записки бригадира Моро-де-Бразе 
210 |d 1982 
215 |a 640 с.  |d 13 см. 
300 |a Авт. указан на корешке 
300 |a На пер. загл. не указано. 
320 |a Алфавитный указатель произведений А. С. Пушкина: с. 617-639. 
461 1 |0 (RuTPU)RU\TPU\book\272357  |t Собрание сочинений  |o в 10 т.  |f А. С. Пушкин  |g оформление худож. Б. Лаврова  |v Т. 8: История Петра I. Записки бригадира Моро-де-Бразе  |d 1982 
464 |t "История Петра I"  |f И. Л. Фейнберг 
610 1 |a русская литература 
610 1 |a 19 век 
610 1 |a историческая литература 
610 1 |a Петровская эпоха 
610 1 |a миниатюрные издания 
675 |a Р2  |v 3 
801 1 |a RU  |b 63413507  |c 20140211 
801 2 |a RU  |b 63413507  |c 20140214  |g RCR 
942 |c BK